Normal view
MARC view
Entry Término temático
001 - NÚMERO DE CONTROL
- campo de control: 150170
003 - IDENTIFICADOR DEL NÚMERO DE CONTROL
- campo de control: OSt
005 - FECHA Y HORA DE LA ÚLTIMA TRANSACCIÓN
- campo de control: 20220127160254.0
008 - DATOS DE LONGITUD FIJA
- campo de control de longitud fija: 220127|| aca||aabn | a|a d
040 ## - FUENTE DE LA CATALOGACIÓN
- Centro catalogador/agencia de origen: OSt
- Centro/agencia transcriptor: OSt
150 ## - ENCABEZAMIENTO--TÉRMINO DE MATERIA
- Término de materia o nombre geográfico como elemento de entrada: 1.Sistema métrico
670 ## - FUENTE DE DATOS ENCONTRADOS
- Cita de la fuente: Work cat.: (OSt)171702: Instituto Centroamericano de Investigación y Tecnología Industrial (icaiti) División de Normalización 150169, Guía para el Uso del Sistema Internacional de Unidades, S.I. (Norma Centroamericana icaiti 4010) /, S.A
